000 00323nam a2200133Ia 4500
008 240624s9999 xx 000 0 und d
041 _aeng
082 _a823 MIC
100 _aMICHAELS FERN
245 _aDESPERATE MEASURES
260 _c1996
_aNew York
_bBallantine Books
300 _a440 : p. : cm. ; 17
365 _c
_b20
999 _c13777
_d13777